| 000 | 00470nam a2200169 a 4500 | ||
|---|---|---|---|
| 001 | 3055 | ||
| 005 | 20140414131912.0 | ||
| 008 | 060131s19uu xx 00 eng d | ||
| 020 | _a0-439-25368-3 | ||
| 050 |
_aER _bC11 2001 |
||
| 100 | _aWest, Tracy | ||
| 245 |
_aCardcaptors: changing places / _cadapted by Tracy West. |
||
| 260 |
_aNew York : _bScholastic, _c2001. |
||
| 300 | _a24 p. : ill. ; cm. | ||
| 650 |
_aAdventure and adventures _xFiction. |
||
| 999 |
_c111273 _d111273 |
||